000 004680000a22001930004500
001 000982
003 MACL
005 20150819163037.0
008 150819b xxu||||| |||| 00| 0 eng d
040 _aMACL
_cMACL
041 _aEnglish
082 _a571.8654/MOR
100 _aMorgan, T.H.
_96328
245 _aEmbroyology And Genetics
_cT.H. Morgan
260 _aDelhi
_c2000
_bR.R. Book Company,
350 _a200
650 _aPhysiology
_96159
942 _k872
_cBK
_2ddc
999 _c980
_d980